LEADER 01128nam0 22002651i 450 001 SUN0011332 005 20110405101046.504 010 $a18-533-3569-x 100 $a20030122d1991 |0engc50 ba 101 $aeng 102 $aGB 105 $a|||| ||||| 200 1 $aInside information and securities trading$ea legal and economic analysis of the foundations of liability in the U.S.A. and the European Community$fBernhard Bergmans 210 $aLondon$cGraham & Trotman$d1991 215 $aXI, 222 p.$d23 cm. 606 $aTitoli$xInsider trading$2FI$3SUNC006116 620 $aGB$dLondon$3SUNL000015 700 1$aBergmans$b, Bernhard$3SUNV008519$0172771 712 $aGraham & Trotman$3SUNV000847$4650 801 $aIT$bSOL$c20181109$gRICA 912 $aSUN0011332 950 $aUFFICIO DI BIBLIOTECA DEL DIPARTIMENTO DI GIURISPRUDENZA$d00 CONS VI.Em.67 $e00 4148 995 $aUFFICIO DI BIBLIOTECA DEL DIPARTIMENTO DI GIURISPRUDENZA$h4148$kCONS VI.Em.67$oc$qa 996 $aInside information and securities trading$9665165 997 $aUNICAMPANIA LEADER 01501nam 2200373 n 450 001 996387025503316 005 20221108091848.0 035 $a(CKB)1000000000619844 035 $a(EEBO)2240922748 035 $a(UnM)9927851300971 035 $a(UnM)99827461 035 $a(EXLCZ)991000000000619844 100 $a19950224d1679 uy | 101 0 $aeng 135 $aurbn||||a|bb| 200 14$aThe seaman's compass: or A dainty new ditty composed and pend$b[electronic resource] $ethe deeds of brave seamen to praise and commend twas made by a maid that to Gravesend did pass, now mark and you quickly shall hear how it was. To the tune of The tyrant hath stolen 210 $a[London] $cPrinted for F. Coles, T. Vere, J. Wright, and J. Clark$d[1679] 215 $a1 sheet ([1] p.) $cill. (woodcuts) 300 $aVerse - "As lately I travelled". 300 $aSigned at end: L.P. (i.e., Laurence Price). 300 $aPlace of publication from Wing, which suggests 1674-1679 as publication date. 300 $aReproduction of the original in the Harvard University Library. 330 $aeebo-0062 606 $aBallads, English$y17th century 615 0$aBallads, English 700 $aL. P$g(Laurence Price),$ffl. 1625-1680?$01001543 801 0$bCu-RivES 801 1$bCu-RivES 801 2$bCStRLIN 801 2$bWaOLN 906 $aBOOK 912 $a996387025503316 996 $aThe seaman's compass: or A dainty new ditty composed and pend$92341957 997 $aUNISA